Current Commissioned ships of the United States Navy - Statistics

General Stats
  • This quiz has been taken 753 times
    94 since last reset
  • The average score is 49 of 239
Answer Stats
Hint Answer % Correct
Aircraft Carriers Nimitz
83%
Aircraft Carriers George Washington
73%
Aircraft Carriers Abraham Lincoln
72%
Missile Submarine (Guided) Ohio
70%
Attack Submarine Washington
67%
Aircraft Carriers Gerald R.Ford
65%
Attack Submarine California
63%
Aircraft Carriers Harry S.Truman
63%
Aircraft Carriers Theodore Roosevelt
62%
Attack Submarine Virginia
62%
Aircraft Carriers George H.W. Bush
58%
Aircraft Carriers Ronald Reagan
58%
Missile Submarine (Ballistic) Nevada
57%
Attack Submarine Texas
57%
Missile Submarine (Ballistic) Alabama
55%
Amphibious Transport Docks New York
55%
Attack Submarine Colorado
53%
Missile Submarine (Guided) Georgia
53%
Attack Submarine Hawaii
53%
Attack Submarine Montana
53%
Attack Submarine Oregon
53%
Missile Submarine (Ballistic) Alaska
52%
Original Six Frigates Constitution
52%
Missile Submarine (Guided) Florida
52%
Missile Submarine (Ballistic) Rhode Island
52%
Attack Submarine Connecticut
50%
Attack Submarine Indiana
50%
Missile Submarine (Guided) Michigan
50%
Attack Submarine New Mexico
50%
Missile Submarine (Ballistic) Kentucky
48%
Missile Submarine (Ballistic) Louisiana
48%
Missile Submarine (Ballistic) Maine
48%
Attack Submarine Mississippi
48%
Missile Submarine (Ballistic) Nebraska
48%
Attack Submarine New Hampshire
48%
Missile Submarine (Ballistic) Pennsylvania
48%
Amphibious assault ships America
47%
Destroyers Arleigh Burke
47%
Aircraft Carriers Dwight D.Eisenhower
47%
Missile Submarine (Ballistic) Maryland
47%
Attack Submarine Minnesota
47%
Attack Submarine Vermont
47%
Amphibious assault ships Iwo Jima
45%
Attack Submarine North Carolina
45%
Attack Submarine North Dakota
45%
Attack Submarine South Dakota
45%
Missile Submarine (Ballistic) Tennessee
45%
Missile Submarine (Ballistic) Wyoming
45%
Attack Submarine Illinois
43%
Attack Submarine Jimmy Carter
43%
Aircraft Carriers John C.Stennis
43%
Attack Submarine New Jersey
43%
Aircraft Carriers Carl Vinson
42%
Missile Submarine (Ballistic) West Virginia
42%
Missile Submarine (Ballistic) Henry M. Jackson
38%
Destroyers Roosevelt
38%
Attack Submarine Delaware
37%
Littoral Combat Ships Jackson
37%
Amphibious assault ships Wasp
37%
Amphibious Transport Docks New Orleans
33%
Amphibious Transport Docks San Diego
33%
Amphibious Transport Docks San Antonio
32%
Attack Submarine Seawolf
30%
Attack Submarine Albany
27%
Attack Submarine Columbus
27%
Destroyers John Paul Jones
27%
Attack Submarine Charlotte
25%
Littoral Combat Ships Indianapolis
25%
Amphibious Transport Docks Anchorage
23%
Amphibious Command Ships Blue Ridge
23%
Attack Submarine Cheyenne
23%
Attack Submarine Columbia
23%
Amphibious Transport Docks Portland
23%
Attack Submarine Boise
22%
Amphibious assault ships Boxer
22%
Cruisers Gettysburg
22%
Amphibious Transport Docks Green Bay
22%
Attack Submarine Springfield
22%
Destroyers Zumwalt
22%
Attack Submarine Annapolis
20%
Littoral Combat Ships Augusta
20%
Littoral Combat Ships Charleston
20%
Destroyers Halsey
20%
Amphibious assault ships Kearsarge
20%
Attack Submarine Montpelier
20%
Cruisers Normandy
20%
Littoral Combat Ships Omaha
20%
Attack Submarine Santa Fe
20%
Littoral Combat Ships St. Louis
20%
Amphibious assault ships Essex
18%
Cruisers Philippine Sea
18%
Attack Submarine San Juan
18%
Attack Submarine Topeka
18%
Attack Submarine Tucson
18%
Destroyers Winston S. Churchill
18%
Amphibious Transport Docks Arlington
17%
Littoral Combat Ships Cincinnati
17%
Destroyers Farragut
17%
Attack Submarine Hartford
17%
Attack submarine Helena
17%
Destroyers Kidd
17%
Cruisers Lake Erie
17%
Dock Landing Ships Pearl Harbor
17%
Technological Research Ship Pueblo
17%
Littoral Combat Ships Savannah
17%
Attack Submarine Toledo
17%
Amphibious assault ships Tripoli
17%
Destroyers Barry
15%
Submarine Tender Emory S. Land
15%
Littoral Combat Ships Fort Worth
15%
Littoral Combat Ships Mobile
15%
Littoral Combat Ships Montgomery
15%
Attack Submarine Newport News
15%
Cruisers Princeton
15%
Destroyers Spruance
15%
Destroyers The Sullivans
15%
Littoral Combat Ships Tulsa
15%
Attack Submarine Alexandria
13%
Amphibious assault ships Bataan
13%
Littoral Combat Ships Canberra
13%
Destroyers John S. McCain
13%
Amphibious assault ships Makin Island
13%
Attack Submarine Scranton
13%
Cruisers Shiloh
13%
Littoral Combat Ships Billings
12%
Dock Landing Ships Harpers Ferry
12%
Littoral Combat Ships Kansas City
12%
Amphibious Command Ships Mount Whitney
12%
Littoral Combat Ships Wichita
12%
Attack Submarine Asheville
10%
Destroyers Bainbridge
10%
Mine countermeasures vessels Chief
10%
Attack Submarine Jefferson City
10%
Littoral Combat Ships Oakland
10%
Attack Submarine Pasadena
10%
Cruisers Robert Smalls
10%
Dock Landing Ships Ashland
8%
Destroyers Benfold
8%
Cruisers Cape St. George
8%
Cruisers Chosin
8%
Destroyers Decatur
8%
Amphibious Transport Docks Fort Lauderdale
8%
Dock Landing Ships Germantown
8%
Attack Submarine Hampton
8%
Destroyers James E. Williams
8%
Destroyers Jason Dunham
8%
Amphibious Transport Docks John P. Murtha
8%
Expeditionary Mobile Base Lewis B. Puller
8%
Destroyers Mahan
8%
Destroyers Michael Murphy
8%
Mine countermeasures vessels Warrior
8%
Destroyers Carney
7%
Destroyers Curtis Wilbur
7%
Destroyers Dewey
7%
Destroyers Forrest Sherman
7%
Destroyers Gravely
7%
Destroyers Higgins
7%
Attack Submarine Hyman G. Rickover
7%
Littoral Combat Ships Manchester
7%
Destroyers Milius
7%
Destroyers Oscar Austin
7%
Mine countermeasures vessels Patriot
7%
Destroyers Paul Hamilton
7%
Mine countermeasures vessels Pioneer
7%
Destroyers Ramage
7%
Destroyers Ross
7%
Dock Landing Ships Rushmore
7%
Littoral Combat Ships Santa Barbara
7%
Amphibious Transport Docks Somerset
7%
Destroyers Stockdale
7%
Destroyers Wayne E. Meyer
7%
Littoral Combat Ships Beloit
5%
Destroyers Chung-Hoon
5%
Littoral Combat Ships Cooperstown
5%
Destroyers Daniel Inouye
5%
Mine countermeasures vessels Devastator
5%
Mine countermeasures vessels Dextrous
5%
Destroyers Donald Cook
5%
Destroyers Fitzgerald
5%
Submarine Tender Frank Cable
5%
Littoral Combat Ships Gabrielle Giffords
5%
Mine countermeasures vessels Gladiator
5%
Attack Submarine Greeneville
5%
Destroyers Gridley
5%
Dock Landing Ships Gunston Hall
5%
Destroyers Hopper
5%
Destroyers Howard
5%
Attack Submarine John Warner
5%
Destroyers Laboon
5%
Destroyers Mason
5%
Destroyers McCampbell
5%
Destroyers McFaul
5%
Destroyers Michael Monsoor
5%
Littoral Combat Ships Minneapolis-Saint Paul
5%
Destroyers Momsen
5%
Destroyers Mustin
5%
Dock Landing Ships Oak Hill
5%
Destroyers O'Kane
5%
Destroyers Pinckney
5%
Destroyers Ralph Johnson
5%
Destroyers Russell
5%
Destroyers Sampson
5%
Mine countermeasures vessels Sentry
5%
Destroyers Stout
5%
Destroyers Bulkeley
3%
Destroyers Carl M. Levin
3%
Dock Landing Ships Carter Hall
3%
Destroyers Delbert D.Black
3%
Destroyers Gonzalez
3%
Expeditionary Mobile Base Hershel "Woody" Williams
3%
Destroyers Jack H. Lucas
3%
Destroyers John Finn
3%
Littoral Combat Ships Kingsville
3%
Destroyers Lassen
3%
Destroyers Lenah Sutcliffe Higbee
3%
Littoral Combat Ships Marinette
3%
Amphibious Transport Docks Mesa Verde
3%
Destroyers Mitscher
3%
Littoral Combat Ships Nantucket
3%
Destroyers Nitze
3%
Destroyers Paul Ignatius
3%
Destroyers Porter
3%
Destroyers Rafael Peralta
3%
Amphibious Transport Docks Richard M. McCool Jr.
3%
Destroyers Shoup
3%
Destroyers Sterett
3%
Destroyers Thomas Hudner
3%
Dock Landing Ships Tortuga
3%
Destroyers Truxtun
3%
Destroyers William P. Lawrence
3%
Destroyers Chafee
2%
Dock Landing Ships Comstock
2%
Destroyers Frank E. Petersen Jr.
2%
Destroyers John Basilone
2%
Expeditionary Mobile Base John L. Canley
2%
Expeditionary Mobile Base Miguel Keith
2%
Destroyers Preble
2%
Destroyers Stethem
0%
No matching quizzes found
Score Distribution
Percent of People with Each Score
Percentile by Number Answered
Your Score History
You have not taken this quiz since the last reset